| 000 | 00472nam a2200193Ia 4500 | ||
|---|---|---|---|
| 005 | 20240823022925.0 | ||
| 008 | 240823s9999||||xx |||||||||||||| ||und|| | ||
| 020 | _a978-0-07-066729-7 | ||
| 041 | _aENGLISH | ||
| 082 | _A537 P8 | ||
| 100 | _a"Purcell,Edward M" | ||
| 245 | 0 | _aElectricity and Magnetism Vol 2 | |
| 250 | _a2nd | ||
| 260 |
_c2008 _b"Tata Mcgraw Hill,New " |
||
| 500 | _aTRANSFERED | ||
| 650 |
_aElectricity _bPhysics |
||
| 942 | _cBK | ||
| 999 |
_c180320 _d180320 |
||